Responses for show #8388 - Wednesday, April 28, 2021

Champion's winnings & consolation amounts matched to Justice Defenders.

Contestants

[<< previous game]

Leah Caglio, a product manager originally from Phoenix, Arizona

Hari Parameswaran, a college student from Xenia, Ohio

Dana Schumacher-Schmidt, an English professor from Tecumseh, Michigan (whose 1-day cash winnings total $20,600)

[next game >>]

Jeopardy! Round responses

WOULD YOU LOOK AT THAT?
FLAG ON THE PLAY
"LAND" FILL
IN-CAR-CERATED
MODERN HEBREW
AMERICA BEFORE 1800
    $200 6
a face mask

Leah
    $200 28
[The end-of-round signal sounds.]

a stakeout

Leah
    $200 16
a cow

Dana
    $200 1
the Salem Witch Trials

Dana
    $400 12
a mace

Dana
    $400 7
a false start

Leah
    $400 9
Midland

Leah
    $400 11
Bridgegate

Triple Stumper
    $400 17
a dictionary

Dana
    $400 2
smallpox

Dana
    $600 13
a torpedo

Hari
    $600 25
(Leah: IN-CAR-CERATED for $1000.)
(Anderson: Less than a minute.)

grounding

Leah
    $600 8
(Hari: What is Greenland?)

Iceland

DanaHari
    $600 21
an oil embargo

Hari
    $600 18
piano

Hari
    $1,000 3
Poor Richard's Almanack

Dana
    $800 14
(Leah: Uh, what is New Orleans?)
(Hari: What is London?)

New York

HariLeah
Triple Stumper
    $800 24
(Dana: What is holding?)

clipping

Dana
Triple Stumper
    $800 10
Oakland

Hari
    $800 27
the Florida Turnpike

Dana
    $800 19
a turkey

Dana
    $800 4
the Delaware River

Dana
    $1000 15
the Philippines

Leah
    $1000 23
(Anderson: Yes, a safety.)

2 points

Leah
    $1000 22
(Hari: Oh... what is England?)

Poland

Hari
Triple Stumper
    $1000 26
Dakar

Leah
    $1000 20
(Hari: What is Maxwell House?)

Nescafé

HariLeah
    $1000 5
the House of Burgesses

Hari

Scores at the first commercial break (after clue 15):

Dana Hari Leah
$3,400 $1,000 $1,200

Scores at the end of the Jeopardy! Round:

Dana Hari Leah
$4,800 $200 $5,000

Double Jeopardy! Round responses

AUTHORS NOT GOING PLACES
THEIR TV ROLES
WHAT A HOARD!
WE HAVE SUCH CHEMISTRY
"AU"
(Anderson: All responses in that category will begin with "AU".)
GET OFF OF MY CLOUD
    $400 22
(Anderson: She visited before writing the sequels.)

Scotland

Dana
    $400 21
Ted Danson

Dana
    $400 27
the aughts

Dana
    $400 28
[The end-of-round signal sounds.]

Apple

Leah
    $800 6
(Edgar Rice) Burroughs

Leah
    $800 19
Hugh Laurie

Dana
    $800 16
Troy

Leah
    $800 26
Teflon

Hari
    $800 4
autonomy

Leah
    $800 25
(Anderson: That's right, you hiked there.)

New Zealand

Hari
    $2,000 1
Transylvania

Hari
    $1200 17
Judith Light

Triple Stumper
    $1200 14
the Sierra Nevada

Hari
    $1200 11
polonium

Hari
    $1200 8
an auction

Hari
    $1200 9
Cloud 9

Hari
    $1600 2
(Franz) Kafka

Hari
    $1600 18
Patricia Arquette

Triple Stumper
    $1600 15
the Vikings

Dana
    $1600 12
triglycerides

Hari
    $1600 5
(W.H.) Auden

Dana
    $4,000 10
(Hari: What is...)

a silver lining

Hari
    $2000 3
[NOTE: Anderson read WFH as "work from home".]

The Lost World

Hari
    $2000 20
Terrence Howard

Leah
    $2000 23
a chalice

Leah
    $2000 13
Lavoisier

Hari
    $2000 7
(Hari: What are aubergins? [*]?)

aubergines

Hari
    $2000 24
(Anderson: Less than a minute.)

Dubliners

Leah

Scores at the end of the Double Jeopardy! Round:

Dana Hari Leah
$10,000 $13,800 $13,800

[wagering suggestions for these scores]

Final Jeopardy! Round responses

HOLLYWOOD LEGENDS
(Anderson: He directed Ten Commandments, among other films.)
DanaWho is De Mille?
$5,000
HariWho is Mel Gibson?
$13,800
LeahWho is DeMille?
$3,795
Cecil B. DeMille

Final scores:

Dana Hari Leah
$15,000 $0 $17,595
2nd place: $2,000 3rd place: $1,000 New champion: $17,595

Game dynamics:

Coryat scores:

Dana Hari Leah
$9,600 $17,000 $13,800
16 R
(including 1 DD),
1 W
17 R
(including 1 DD),
5 W
(including 1 DD)
16 R,
1 W

Combined Coryat: $40,400

The J! Archive is created by fans, for fans. The Jeopardy! game show and all elements thereof, including but not limited to copyright and trademark thereto, are the property of Jeopardy Productions, Inc. and are protected under law. This website is not affiliated with, sponsored by, or operated by Jeopardy Productions, Inc. Join the discussion at JBoard.tv.